| 000 | 00736nam a2200253 a 4500 | ||
|---|---|---|---|
| 001 | 000012686 | ||
| 003 | DO-SdBNP | ||
| 005 | 20170929120640.0 | ||
| 007 | 000012686 | ||
| 008 | 091116s2003 dr 000 f spa d | ||
| 040 |
_aBPMSU _bspa _cBPMSU |
||
| 049 | _aBNPD | ||
| 092 |
_aRD863.44 _bM737r |
||
| 100 | 1 |
_aMonción Leonardo, Benito, _d1934- |
|
| 245 | 1 | 0 |
_aRosendo : _bnovela / _cBenito Monción Leonardo. |
| 260 |
_aSanto Domingo : _bTele-3, _c2003. |
||
| 300 |
_a123 p. ; _c23 cm. |
||
| 650 | 4 | _aNOVELA DOMINICANA | |
| 650 | 4 | _aLITERATURA DOMINICANA | |
| 910 | _aValidado. Control de calidad BNPHU | ||
| 942 |
_2ddc _cBK |
||
| 945 | _aTítulo remanejado para BNPHU / 2017 VM | ||
| 956 |
_aVMATEO _b 10 _c20150427 _lBPMSU _h00151 |
||
| 999 |
_c7716 _d7716 |
||